[Event "Cologne Longerich op-A 13th"]
[Site "Cologne"]
[Date "2016.08.12"]
[Round "1"]
[White "Liebsch, Felix"]
[Black "Hansel, Rainer"]
[Result "1/2-1/2"]
[WhiteElo "1808"]
[BlackElo "1919"]
[PlyCount "63"]
[EventDate "2016.08.12"]
[EventType "swiss"]
[EventRounds "5"]
[EventCountry "GER"]
[SourceTitle "EXT 2022"]
[Source "ChessBase"]
[SourceDate "2021.10.06"]
[SourceVersion "1"]
[SourceVersionDate "2021.10.06"]
[SourceQuality "1"]

1. e4 e5 2. Nf3 Nc6 3. Bb5 a6 4. Ba4 Nf6 5. 0-0 Be7 6. Re1 b5 7. Bb3 0-0 8. c3 d5 9. d4 exd4 10. e5 Ne4 11. cxd4 Bg4 12. Be3 Qd7 13. Nc3 Nxc3 14. bxc3 Na5 15. Bc2 Nc4 16. Bf4 Bf5 17. Nd2 Na3 18. Bb3 a5 19. Qf3 Nc2 20. Bxc2 Bxc2 21. Qg3 Ba3 22. Re3 Rfe8 23. Rae1 Re6 24. Qh3 Rd8 25. Bg5 Be7 26. Bxe7 Qxe7 27. f4 Rh6 28. Qg4 Rg6 29. Qh3 Qd7 30. e6 fxe6 31. Rxe6 Rxe6 32. Qxe6+ 1/2-1/2

[Event "Verbandsliga Mittelrhein-Ost 1213"]
[Site "Germany"]
[Date "2013.05.05"]
[Round "10.4"]
[White "Hild, Detlef"]
[Black "Liebsch, Felix"]
[Result "1/2-1/2"]
[WhiteElo "1941"]
[BlackElo "1717"]
[PlyCount "26"]
[EventDate "2012.09.09"]
[EventType "team"]
[EventRounds "11"]
[EventCountry "GER"]
[SourceTitle "EXT 2015"]
[Source "ChessBase"]
[SourceDate "2014.11.20"]
[SourceVersion "1"]
[SourceVersionDate "2014.11.20"]
[SourceQuality "1"]
[WhiteTeam "Siegburg"]
[BlackTeam "Bayer Leverkusen II"]
[WhiteTeamCountry "GER"]
[BlackTeamCountry "GER"]

1. Nf3 f5 2. g3 Nf6 3. Bg2 d6 4. d4 e6 5. 0-0 Be7 6. c4 0-0 7. Nc3 a5 8. Re1 Ne4 9. Nxe4 fxe4 10. Nd2 d5 11. f3 exf3 12. Nxf3 c5 13. e3 Nc6 1/2-1/2

[Event "Leverkusen Bayer op 10th"]
[Site "Leverkusen"]
[Date "2012.03.21"]
[Round "6"]
[White "Liebsch, Felix"]
[Black "Vitz, Hans Joachim"]
[Result "0-1"]
[WhiteElo "1695"]
[BlackElo "1796"]
[PlyCount "72"]
[EventDate "2012.01.11"]
[EventType "swiss"]
[EventRounds "7"]
[EventCountry "GER"]
[SourceTitle "EXT 2014"]
[Source "ChessBase"]
[SourceDate "2013.11.20"]
[SourceVersion "1"]
[SourceVersionDate "2013.11.20"]
[SourceQuality "1"]

1. e4 e5 2. Nf3 Nf6 3. Nc3 Bb4 4. Bc4 0-0 5. Nxe5 Qe7 6. Nxf7 Bxc3 7. Nh6+ Kh8 8. Nf7+ Rxf7 9. Bxf7 Qxf7 10. dxc3 Nxe4 11. 0-0 d5 12. c4 Be6 13. Be3 Nc6 14. cxd5 Bxd5 15. f3 Nf6 16. Qd2 Rd8 17. Qc3 Be6 18. Rfd1 Nd5 19. Qe1 Nxe3 20. Rxd8+ Nxd8 21. Qxe3 Nc6 22. Re1 Bd7 23. b3 h6 24. c4 a6 25. a3 Qf6 26. Rd1 Bf5 27. b4 Ne5 28. Qc5 Nd3 29. Qe3 Qc3 30. Qe8+ Kh7 31. Qd8 Qc2 32. Rf1 Qxc4 33. h4 Qf4 34. Qe7 Qg3 35. h5 Nf4 36. Rf2 Nh3+ 0-1

[Event "Leverkusen Bayer op 9th"]
[Site "Leverkusen"]
[Date "2011.03.14"]
[Round "5"]
[White "Liebsch, Felix"]
[Black "Speck, Stefan"]
[Result "1/2-1/2"]
[WhiteElo "1594"]
[BlackElo "2055"]
[PlyCount "69"]
[EventDate "2011.01.10"]
[EventType "swiss"]
[EventRounds "7"]
[EventCountry "GER"]
[SourceTitle "EXT 2012"]
[Source "ChessBase"]
[SourceDate "2011.11.24"]
[SourceVersion "1"]
[SourceVersionDate "2011.11.24"]
[SourceQuality "1"]

1. e4 e5 2. Nf3 d6 3. d4 Nd7 4. dxe5 dxe5 5. Bc4 Qe7 6. Nc3 c6 7. Be3 h6 8. a3 Ngf6 9. b4 Ng4 10. Bc1 Nb6 11. Bb3 Be6 12. Bxe6 Qxe6 13. h3 Nf6 14. Qe2 Be7 15. 0-0 Nfd7 16. Be3 Nc4 17. Nd2 Nxe3 18. Qxe3 Nf8 19. Na4 b6 20. c4 Ng6 21. c5 b5 22. Nc3 Bg5 23. Qe1 Nf4 24. Nf3 Rd8 25. Ne2 0-0 26. Nxg5 hxg5 27. Nxf4 gxf4 28. Rd1 f3 29. g4 Qh6 30. Kh2 Qf4+ 31. Kg1 Rxd1 32. Qxd1 Qxe4 33. Re1 Qg6 34. Rxe5 f5 35. Qxf3 1/2-1/2

[Event "Leverkusen-ch op"]
[Site "Leverkusen"]
[Date "2008.01.28"]
[Round "2"]
[White "Guelden, Ralf"]
[Black "Liebsch, Felix"]
[Result "1-0"]
[WhiteElo "1699"]
[BlackElo "1147"]
[PlyCount "47"]
[EventDate "2008.01.14"]
[EventType "swiss"]
[EventRounds "7"]
[EventCountry "GER"]
[SourceTitle "EXT 2010"]
[Source "ChessBase"]
[SourceDate "2010.11.25"]
[SourceVersion "1"]
[SourceVersionDate "2010.11.25"]
[SourceQuality "1"]

1. d4 d5 2. c4 e6 3. Nf3 Nf6 4. e3 Nc6 5. Nc3 Be7 6. Bd3 0-0 7. 0-0 b6 8. a3 a6 9. Qc2 Bb7 10. cxd5 Nxd5 11. Nxd5 exd5 12. Bxh7+ Kh8 13. Bd3 Re8 14. Qe2 Bf6 15. Bd2 Bxd4 16. Nxd4 Kg8 17. Nxc6 Bxc6 18. Qh5 a5 19. Bc3 Qd7 20. Qh7+ Kf8 21. Qxg7+ Ke7 22. Qg5+ Kf8 23. Bg7+ Kg8 24. Bf6+ 1-0

[Event "Leverkusen-ch op"]
[Site "Leverkusen"]
[Date "2007.01.08"]
[Round "1"]
[White "Glaser, Steffen"]
[Black "Liebsch, Felix"]
[Result "1-0"]
[WhiteElo "1936"]
[BlackElo "996"]
[PlyCount "73"]
[EventDate "2007.01.08"]
[EventType "swiss"]
[EventRounds "7"]
[EventCountry "GER"]
[SourceTitle "EXT 2008"]
[Source "ChessBase"]
[SourceDate "2007.11.25"]
[SourceVersion "1"]
[SourceVersionDate "2007.11.25"]
[SourceQuality "1"]

1. e4 e5 2. Nf3 Nc6 3. Bb5 d6 4. 0-0 Nf6 5. d4 exd4 6. Nxd4 Bd7 7. Re1 Be7 8. Nc3 0-0 9. Nf5 Bxf5 10. exf5 a6 11. Be2 Qd7 12. g4 h6 13. Bf3 Rfe8 14. Bf4 Bf8 15. Ne4 Nxe4 16. Bxe4 Rad8 17. Qd2 Re7 18. f3 Rde8 19. f6 gxf6 20. Bxh6 d5 21. Bf5 Bxh6 22. Rxe7 Qxe7 23. Qxh6 Qe3+ 24. Qxe3 Rxe3 25. Kf2 d4 26. Be4 Nb4 27. Rd1 c5 28. a3 Nc6 29. c3 Kg7 30. cxd4 cxd4 31. Bxc6 bxc6 32. Rxd4 Rb3 33. Rb4 Rd3 34. Ke2 Rd6 35. Re4 c5 36. Rc4 Rc6 37. b4 1-0

[Event "NRW U14 op"]
[Site "Olpe"]
[Date "2005.10.03"]
[Round "6.19"]
[White "Eckardt, Joshua"]
[Black "Liebsch, Felix"]
[Result "1-0"]
[WhiteElo "923"]
[BlackElo "820"]
[PlyCount "135"]
[EventDate "2005.10.01"]
[EventType "swiss"]
[EventRounds "7"]
[EventCountry "GER"]
[SourceTitle "CBM 108 Extra"]
[Source "ChessBase"]
[SourceDate "2005.11.04"]
[SourceVersion "1"]
[SourceVersionDate "2005.11.04"]
[SourceQuality "1"]

1. f4 d5 2. Nf3 Nc6 3. e3 Bg4 4. b3 Nf6 5. Bb2 e6 6. Bb5 Qd6 7. 0-0 0-0-0 8. d3 e5 9. Qd2 a6 10. Bxc6 Qxc6 11. Nxe5 Qe8 12. Nxg4 Nxg4 13. Re1 Nf6 14. Bxf6 gxf6 15. e4 d4 16. e5 fxe5 17. fxe5 Qc6 18. c3 dxc3 19. Qxc3 Qg6 20. d4 Rg8 21. g3 h5 22. Nd2 Bh6 23. Ne4 Bg7 24. Rac1 c6 25. Rcd1 Kb8 26. Qf3 Rd5 27. Nf6 Bxf6 28. exf6 h4 29. Kg2 Qc2+ 30. Qf2 Qg6 31. Qf4+ Ka7 32. Qxh4 Qc2+ 33. Kf1 Qxa2 34. Qh7 Rf8 35. Qg7 Rdd8 36. Rd3 Qxh2 37. Re7 Qh1+ 38. Kf2 Qh2+ 39. Kf3 Qh5+ 40. Kf4 Kb8 41. g4 Qg6 42. Qxg6 fxg6 43. Kg5 Rd6 44. Kxg6 Rdxf6+ 45. Kg5 Rf3 46. Rxf3 Rxf3 47. Kh5 Rxb3 48. g5 Rb5 49. Re5 Rb3 50. g6 Rh3+ 51. Kg5 Rh8 52. g7 Rg8 53. Kg6 b5 54. Kf7 Rd8 55. g8Q Rxg8 56. Kxg8 a5 57. d5 cxd5 58. Rxd5 Kb7 59. Rxb5+ Ka6 60. Rh5 Kb6 61. Kf7 Ka6 62. Ke6 Kb6 63. Kd5 Kb5 64. Kd4+ Kb4 65. Kd3 a4 66. Kc2 Ka3 67. Rh4 Ka2 68. Rxa4# 1-0